<?xml version="1.0" encoding="UTF-8"?><?xml-stylesheet type="text/xsl" href="static/style.xsl"?><OAI-PMH xmlns="http://www.openarchives.org/OAI/2.0/" xmlns:xsi="http://www.w3.org/2001/XMLSchema-instance" xsi:schemaLocation="http://www.openarchives.org/OAI/2.0/ http://www.openarchives.org/OAI/2.0/OAI-PMH.xsd"><responseDate>2026-06-01T06:29:06Z</responseDate><request verb="GetRecord" identifier="oai:riuma.uma.es:10630/39951" metadataPrefix="marc">https://riuma.uma.es/rest/oai/request</request><GetRecord><record><header><identifier>oai:riuma.uma.es:10630/39951</identifier><datestamp>2026-02-03T11:44:25Z</datestamp><setSpec>com_10630_2254</setSpec><setSpec>col_10630_37956</setSpec></header><metadata><record xmlns="http://www.loc.gov/MARC21/slim" xmlns:dcterms="http://purl.org/dc/terms/" xmlns:doc="http://www.lyncode.com/xoai" xmlns:xsi="http://www.w3.org/2001/XMLSchema-instance" xsi:schemaLocation="http://www.loc.gov/MARC21/slim http://www.loc.gov/standards/marcxml/schema/MARC21slim.xsd">
   <leader>00925njm 22002777a 4500</leader>
   <datafield ind2=" " ind1=" " tag="042">
      <subfield code="a">dc</subfield>
   </datafield>
   <datafield ind2=" " ind1=" " tag="720">
      <subfield code="a">Medina-Muñoz, M. Trinidad</subfield>
      <subfield code="e">author</subfield>
   </datafield>
   <datafield ind2=" " ind1=" " tag="720">
      <subfield code="a">Hinojosa-Becerra, Mónica</subfield>
      <subfield code="e">author</subfield>
   </datafield>
   <datafield ind2=" " ind1=" " tag="720">
      <subfield code="a">Ruiz Gómez, Lorea Ariadna</subfield>
      <subfield code="e">author</subfield>
   </datafield>
   <datafield ind2=" " ind1=" " tag="260">
      <subfield code="c">2025</subfield>
   </datafield>
   <datafield ind2=" " ind1=" " tag="520">
      <subfield code="a">Con el auge de las nuevas tecnologías y la introducción a edades cada vez más tempranas&#xd;
del alumnado en Internet y redes sociales, el cambio de paradigma educativo resulta acuciante&#xd;
si se desea que los procesos de enseñanza-aprendizaje de las escuelas sean efectivos y lleguen&#xd;
a cuanto más alumnado mejor, pudiéndonos adaptar a ellos y sus necesidades de forma&#xd;
individual, porque de permanecer inmóviles con la misma forma de enseñar procedente de&#xd;
la época industrial, destinada a educar a operarios, no conseguiremos acercarnos al alumno,&#xd;
sino alejarnos aún más. El cambio que necesitamos debe proceder del sistema educativo y las&#xd;
familias, para lograr que las escuelas enseñen para el mundo actual, cambiante e innovador,&#xd;
adaptado a las nuevas tecnologías, Internet y a los cambios que nos esperan en el futuro&#xd;
(Mejía Jálabe et al., 2018).&#xd;
La asignatura de música en la Educación Primaria sigue siendo una de las áreas menos&#xd;
valoradas y frecuentemente olvidadas dentro del sistema educativo, a menudo relegada frente a otras materias consideradas "más importantes" (Domínguez Nonay, 2015). Esta situación&#xd;
contrasta con el papel fundamental que la música puede desempeñar en el desarrollo integral&#xd;
del alumnado. La educación musical no solo tiene un valor artístico, sino que es una&#xd;
herramienta esencial para proyectar y fomentar valores morales, estimular el intercambio&#xd;
de información y favorecer la socialización entre los estudiantes, contribuyendo a una mejor&#xd;
cohesión social y al desarrollo emocional de los niños (Bernabé Villodre, 2013). La música&#xd;
potencia habilidades transversales como la creatividad, la empatía, y la capacidad de colaboración,&#xd;
todas ellas competencias esenciales en la sociedad actual.</subfield>
   </datafield>
   <datafield ind1="8" ind2=" " tag="024">
      <subfield code="a">Medina-Muñoz, M.T., Hinojosa-Becerra, M., Ruiz-Gómez, L. A. (2025): La gamificación y los videojuegos: herramientas innovadoras en la educación  musical en Voces y Tramas. Editorial ESIC.</subfield>
   </datafield>
   <datafield ind1="8" ind2=" " tag="024">
      <subfield code="a">978-84-1192-164-0</subfield>
   </datafield>
   <datafield ind1="8" ind2=" " tag="024">
      <subfield code="a">https://hdl.handle.net/10630/39951</subfield>
   </datafield>
   <datafield tag="653" ind2=" " ind1=" ">
      <subfield code="a">Enseñanza - Innovaciones</subfield>
   </datafield>
   <datafield tag="653" ind2=" " ind1=" ">
      <subfield code="a">Tecnología educativa</subfield>
   </datafield>
   <datafield tag="653" ind2=" " ind1=" ">
      <subfield code="a">Investigación activa en educación</subfield>
   </datafield>
   <datafield tag="653" ind2=" " ind1=" ">
      <subfield code="a">Videojuegos en la enseñanza</subfield>
   </datafield>
   <datafield ind2="0" ind1="0" tag="245">
      <subfield code="a">La gamificación y los videojuegos: herramientas innovadoras en la educación musical.</subfield>
   </datafield>
</record>
</metadata></record></GetRecord></OAI-PMH>